|
|
|
|
| LEADER |
02916nam a2200733 i 4500 |
| 001 |
nkc20193158907 |
| 003 |
CZ PrNK |
| 005 |
20200124084546.0 |
| 007 |
ta |
| 008 |
191112s2019 xr ach c f 000 1 cze |
| 015 |
|
|
|a cnb003158907
|
| 020 |
|
|
|a 978-80-253-4460-6
|q (vázáno)
|
| 035 |
|
|
|a (OCoLC)1140083028
|
| 040 |
|
|
|a BOA001
|b cze
|e rda
|
| 041 |
1 |
|
|a cze
|h eng
|
| 043 |
|
|
|a n-us---
|
| 045 |
|
|
|a y1y1
|
| 072 |
|
7 |
|a 821.111(73).09
|x Americká literatura (o ní)
|2 Konspekt
|9 11
|
| 072 |
|
7 |
|a 0/9-053.2
|x Literatura pro děti a mládež (naučná)
|2 Konspekt
|9 26
|
| 080 |
|
|
|a 821.111(73)-31
|2 MRF
|
| 080 |
|
|
|a 82-312.9
|2 MRF
|
| 080 |
|
|
|a 82-93
|2 MRF
|
| 080 |
|
|
|a 82-052
|2 MRF
|
| 080 |
|
|
|a 82.09(1-81)
|2 MRF
|
| 080 |
|
|
|a 7.04
|2 MRF
|
| 080 |
|
|
|a (73)
|2 MRF
|
| 080 |
|
|
|a (036)
|2 MRF
|
| 080 |
|
|
|a (0.053.2)
|2 MRF
|
| 100 |
1 |
|
|a Colfer, Chris,
|d 1990-
|7 xx0204002
|4 aut
|
| 240 |
1 |
0 |
|a Land of stories.
|l Česky
|
| 245 |
1 |
0 |
|a Země příběhů :
|b speciální průvodce : všechno, co potřebujete vědět /
|c Chris Colfer ; ilustroval Brandon Dorman ; z anglického originálu The land of stories - the ultimate book hugger's guide ... přeložila Veronika Volhejnová
|
| 250 |
|
|
|a 1. vydání
|
| 264 |
|
1 |
|a Praha :
|b Fragment,
|c 2019
|
| 300 |
|
|
|a 263 stran :
|b ilustrace (převážně barevné), portréty, faksimile ;
|c 22 cm
|
| 336 |
|
|
|a text
|b txt
|2 rdacontent
|
| 337 |
|
|
|a bez média
|b n
|2 rdamedia
|
| 338 |
|
|
|a svazek
|b nc
|2 rdacarrier
|
| 600 |
1 |
7 |
|a Colfer, Chris,
|d 1990-
|t Land of stories
|7 aun20191058378
|2 czenas
|
| 648 |
|
7 |
|a 21. století
|7 ch460559
|2 czenas
|
| 648 |
|
4 |
|a 2012-2017
|
| 650 |
0 |
7 |
|a americký román
|7 ph118394
|y 21. století
|2 czenas
|
| 650 |
0 |
7 |
|a fantasy román
|7 ph384536
|z Spojené státy americké
|y 21. století
|2 czenas
|
| 650 |
0 |
7 |
|a literatura pro děti a mládež
|7 ph138316
|z Spojené státy americké
|y 21. století
|2 czenas
|
| 650 |
0 |
7 |
|a literární postavy
|7 ph122390
|2 czenas
|
| 650 |
0 |
7 |
|a fiktivní místa
|7 ph249643
|2 czenas
|
| 650 |
0 |
7 |
|a náměty, témata a motivy
|7 ph138485
|2 czenas
|
| 650 |
0 |
9 |
|a American fiction
|y 21st century
|2 eczenas
|
| 650 |
0 |
9 |
|a fantasy fiction
|z United States
|y 21st century
|2 eczenas
|
| 650 |
0 |
9 |
|a children's and juvenile literature
|z United States
|y 21st century
|2 eczenas
|
| 650 |
0 |
9 |
|a literary characters
|2 eczenas
|
| 650 |
0 |
9 |
|a imaginary places
|2 eczenas
|
| 650 |
0 |
9 |
|a themes and motives
|2 eczenas
|
| 655 |
|
7 |
|a průvodce
|7 fd133154
|2 czenas
|
| 655 |
|
7 |
|a publikace pro děti
|7 fd133156
|2 czenas
|
| 655 |
|
9 |
|a guidebooks
|2 eczenas
|
| 655 |
|
9 |
|a children's literature
|2 eczenas
|
| 700 |
1 |
|
|a Dorman, Brandon
|7 xx0206338
|4 ill
|
| 700 |
1 |
|
|a Volhejnová, Veronika,
|d 1962-
|7 jn20010309724
|4 trl
|
| 910 |
2 |
|
|a BOA001
|b 2-1439.119
|
| 928 |
9 |
|
|a Albatros Media - Fragment
|
| 990 |
|
|
|a BK
|
| 995 |
|
|
|a 01
|
| 991 |
|
|
|b 201911
|c NOV
|
| 996 |
6 |
|
|b 2610806045
|c 2-1439.119
|l MZK
|r Sklad / do 1 hodiny
|n 0
|p p.v.
|w 001768336
|u 000010
|a 1
|e BOA001
|j MZK50
|s P
|